| 000 | 00871cam a2200277 a 4500 | ||
|---|---|---|---|
| 999 |
_c174546 _d174546 |
||
| 001 | 1178155 | ||
| 003 | Nust | ||
| 005 | 20170131145604.0 | ||
| 008 | 961121s1996 pk 001 0 eng | ||
| 010 | _a 96930165 | ||
| 025 | _aP-E-96930165; 08 | ||
| 040 |
_aDLC _cDLC _dDLC |
||
| 042 | _alcode | ||
| 043 | _aa-pk--- | ||
| 050 | 0 | 0 |
_aHC440.5 _b.A76677 1996 |
| 082 |
_a330.95491 _bALI 1996. |
||
| 100 | 1 |
_aAli, Akhtar, _d1949- |
|
| 245 | 1 | 4 |
_aThe political economy of Pakistan : _ban agenda for reforms / _cAkhtar Ali. |
| 260 |
_aKarachi, Pakistan : _bRoyal Book Co., _c1996. |
||
| 300 |
_a252 p. ; _c23 cm. |
||
| 500 | _aIncludes index. | ||
| 651 | 0 |
_aPakistan _xEconomic policy. |
|
| 651 | 0 |
_aPakistan _xEconomic conditions. |
|
| 906 |
_a7 _bcbc _corigode _d3 _encip _f19 _gy-gencatlg |
||
| 942 |
_2ddc _cBK |
||